01685nam a22002897a 450000500170000000800410001702000180005804100080007608200180008411000910010224501780019326000830037130000380045450001620049250400440065450501300069850501180082850501550094650501470110165000150124865000250126365000290128865100210131765100110133870000250134970000210137420200104041626.0140605b2014 ec ||||| |||| 00| 0 spa d a9789978993248 aspa a333.95bU33a21 aUnión Internacional para la Conservación de la Naturaleza y los Recursos Naturales10aAcceso a recursos genéticos en América Latina y el Caribe :binvestigación, comercialización y cosmovisión indígenal /ceditado por Montserrat Rios y Arturo Mora aQuitobUnión Internacinal para la Conservación de la Naturaleza UICNc2014 a116 p.bil. (col), mapasc25 cm. aPublicado en apoyo al marco de implementación del Protocolo de Nagoya sobre acceso y distribución de beneficios derivados del uso de recursos genéticos aIncluye bibliografía (pág. 106-111) aInvestigación de la biodiversidad en países megadiversos: estrategias para alianzas científicas y técnicas (pag. 13) aComercialización de la biodiversidad: mercados para recursos genéticos y productos bioquímicos (pág. 43) aInterrelación entre cosmovisión indígena y biodiversidad: ¿cómo proteger el conocimiento tradicional y los recursos genéticos? (pág. 79) aAcceso a recursos genéticos en América Latina y el Caribe: retos para la distribución justa y equitativa en los beneficios (pág. 113) aBiología aRecursos genéticos aCosmovisión indígena aAmérica Latina aCaribe1 aRios, Montserrateed1 aMora, Arturoeed